| 000 | 00427nam a22001457a 4500 | ||
|---|---|---|---|
| 999 |
_c3648 _d3648 |
||
| 008 | 200624b ||||| |||| 00| 0 eng d | ||
| 020 | _a9280111035 | ||
| 082 | 0 | 0 |
_a623.828 _bI325 |
| 110 |
_9806 _aIMCO |
||
| 245 | 1 | 0 |
_aFAO/ILO/IMCO Voluntary Guidelines For The Design, Construction, And Equipment Of Small Fishing Vessels / _cby IMCO |
| 260 |
_aLondon _bIMCO _c[n.d.] |
||
| 300 | _a52 p. | ||
| 650 | 0 | _aFishing Boats | |
| 942 | _cBK | ||